000 00444pab a2200169 454500
008 180718b2005 xxu||||| |||| 00| 0 eng d
100 _aRustagi, Preet
245 _aUnderstanding gender inequalities in wages and incomes in India
260 _c2005
300 _ap.319-34.
362 _aApr-Jun
650 _aWomen - India
650 _aWages - India
650 _aWages
773 _aIndian Journal of Labour Economics
909 _a66829
999 _c66829
_d66829